| 000 | 01321cam a2200361 a 4500 | ||
|---|---|---|---|
| 999 |
_c29147 _d29118 |
||
| 001 | 12785836 | ||
| 003 | EG-ScBUE | ||
| 005 | 20210601105206.0 | ||
| 008 | 020523s2001 enka f b 001 0 eng d | ||
| 020 | _a0750609133 | ||
| 020 | _a9780750609135 | ||
| 035 | _a(OCoLC)ocm43820023 | ||
| 040 |
_aUKM _beng _erda _cUKM _dTKN _dDLC _dEG-ScBUE |
||
| 082 | 0 | 4 |
_a729 _bSTA _222 |
| 100 | 1 |
_aStacey, Michael, _eauthor. |
|
| 245 | 1 | 0 |
_aComponent design / _cMichael Stacey. |
| 264 | 1 |
_aOxford : _bArchitectural Press, _c2001. |
|
| 300 |
_avii, 208 pages : _billustrations (some color) ; _c25 cm |
||
| 336 |
_2rdacontent _atext _btxt |
||
| 337 |
_2rdamedia _aunmediated _bn |
||
| 338 |
_2rdacarrier _avolume _bnc |
||
| 500 | _aErrata slip inserted. | ||
| 504 | _aIncludes bibliographical references and index. | ||
| 650 | 7 |
_aArchitectural design. _2BUEsh |
|
| 650 | 7 |
_aBuildings, Prefabricated. _2BUEsh |
|
| 653 |
_bENGARC _cJune2021 |
||
| 655 |
_vReading book _934232 |
||
| 856 | 4 | 2 |
_3Publisher description _uhttp://www.loc.gov/catdir/description/els031/2002421030.html |
| 856 | 4 | 1 |
_3Table of contents _uhttp://www.loc.gov/catdir/toc/els031/2002421030.html |
| 906 |
_a7 _bcbc _ccopycat _d2 _encip _f20 _gy-gencatlg |
||
| 942 |
_2ddc _cBB |
||